Najstarsze miasta w Polsce - Statystyki

Ogólne statystyki
  • Ten quiz został rozwiązany 24 razy
  • Średni wynik to 3 z 10
Statystyki odpowiedzi
Prawa Miejskie Miasto % Poprawnych
1211 Złotoryja
87%
przed 1217 Opole
52%
przed 1217 Lwówek Śląski
30%
1217 Racibórz
30%
przed 1223 Cieszyn
26%
1223 Nysa
26%
przed 1223 Środa Śląska
26%
1217 Leśnica
13%
1223 Ujazd
13%
1221 Sobótka
4%
Nie znaleziono quizów pasujących do podanych kryteriów
Rozkład punktacji
Procent ludzi z każdym wynikiem
Percentyl według liczby udzielonych odpowiedzi
Twoja historia wyników
Nie rozwiązałeś tego quizu